00229nam a2200097Ia 4500008004100000041000800041082001200049100001700061245004400078260000900122240625s9999 xx 000 0 und d aeng a332 TAX aGADGE ADITYA aCERTIFIED CREDIT RESEARCH ANALYST LEVEL c2013